[Event "European Blitz-ch 2018"]
[Site "Skopje"]
[Date "2018.12.06"]
[Round "10"]
[White "Milanovic, Danilo"]
[Black "Perunovic, Milos"]
[Result "1/2-1/2"]
[WhiteElo "2494"]
[BlackElo "2597"]
[Annotator "RC"]
[PlyCount "27"]
[EventDate "2018.12.06"]
[EventType "swiss"]
[EventCountry "MKD"]

{[%evp 18,23,54,49,47,60,68,60]} 1. d4 d5 2. c4 c6 3. Nf3 Nf6 4. e3 e6 5. b3 c5 6. Bd3 {D30: Queen's Gambit Declined: Systems without Nc3} (6. Bb2 cxd4 7. exd4 dxc4 8. bxc4 Qa5+ 9. Nbd2 Ba3 10. Qc1 Bxb2 11. Qxb2 Nc6 12. Be2 Qb4 13. O-O-O {½-½ (57) Short,N (2698)-Duda,J (2706) Heraklio 2017}) 6... cxd4 7. exd4 Bb4+ 8. Nbd2 Nc6 9. Bb2 Ne4 10. O-O {LiveBook: 4 Games. White is slightly better.} Nxd2 11. Nxd2 O-O 12. Nf3 {Predecessor:} Be7 $146 13. Rc1 Nb4 14. Bb1 {½-½ (43) Ulanov,A (2325)-Bajarani,U (2409) Peterhof 2010} 1/2-1/2

[Event "European Blitz-ch 2018"]
[Site "Skopje"]
[Date "2018.12.06"]
[Round "10"]
[White "Zajic, Milan"]
[Black "Saveliev, Alexei"]
[Result "0-1"]
[WhiteElo "2488"]
[BlackElo "2360"]
[Annotator "TA"]
[PlyCount "140"]
[EventDate "2018.12.06"]
[EventType "swiss"]
[EventCountry "MKD"]

{[%evp 23,140,51,56,55,46,36,36,36,36,36,46,36,43,37,56,34,67,67,65,0,58,0,77,63,60,44,41,46,38,0,51,0,28,-5,46,34,62,-23,37,27,56,52,54,60,35,37,94,37,9,32,28,-61,0,0,36,-60,0,0,47,0,0,0,0,-29,-11,-10,-13,-9,-19,-9,-13,-6,-2,-115,-102,-121,-95,-110,0,-33,0,-51,-43,-141,-157,-329,-344,-393,-291,-656,-659,-654,-651,-879,-569,-708,-679,-691,-657,-957,-915,-1013,-878,-929,-749,-994,-725,-1460,-1263,-1404,-1306,-2304,-1149,-1560,-1238,-2525,-2256,-29989,-1424]} 1. e4 c5 2. Nf3 e6 3. d4 cxd4 4. Nxd4 a6 5. c4 Qc7 6. Nc3 Nf6 7. a3 Be7 8. Be2 {B41: Sicilian: Kan Variation: 5 c4} b6 9. Be3 Bb7 10. f3 O-O 11. Rc1 d6 12. O-O Nbd7 {LiveBook: 307 Games} 13. b4 Rac8 14. Qd2 Qb8 15. Rfd1 Rfe8 16. Kh1 {[#]} Qa8 $146 ({Predecessor:} 16... Bd8 17. Nb3 Bc7 18. Bf4 Ne5 19. Bxe5 dxe5 20. c5 b5 21. a4 bxa4 22. Nxa4 Bc6 23. Nb2 Bb5 24. Nc4 Rcd8 25. Qc3 {½-½ (55) Diaz Camallonga,C (2444)-Mareco,S (2653) Barcelona 2018}) 17. Bf1 Qb8 18. Nb3 Ba8 19. Rc2 Red8 20. Qf2 Re8 21. Qd2 Red8 22. Qf2 Re8 $1 23. Rdc1 Bd8 24. Bf4 Bc7 25. Rd1 Nh5 26. Be3 Nhf6 (26... d5 $1 $11) 27. Bf4 Nh5 $1 {[%cal Rh5f4]} 28. Be3 Nhf6 (28... d5 $11) 29. Qg1 h5 30. Rcd2 (30. Bg5 $14) 30... h4 ({Better is} 30... d5 $1 $11) 31. Bf4 $14 {[%cal Rf4d6]} h3 32. Bxd6 hxg2+ 33. Qxg2 Bxd6 34. Rxd6 Ne5 {[#]} (34... Bd5 $14) 35. c5 (35. R6d4 $1 $16) 35... bxc5 36. Nxc5 {Qg3 is the strong threat.} a5 37. Na6 (37. Bb5 $11 Red8 38. Rxd8+ Rxd8 39. Rb1) 37... Qb7 (37... Qa7 $1 $15 38. Nc5 axb4 39. axb4 Qa3 {[%mdl 64] Double Attack}) 38. Nc5 Qb8 39. Na6 ({White should try} 39. Bb5 $14 Red8 40. Rxd8+ Rxd8 41. Rb1) 39... Qb7 (39... Qa7 $1 $15 40. Nc5 axb4 41. axb4 Qa3 {[%mdl 64] Double Attack}) 40. Nc5 Qb8 41. R6d4 axb4 42. axb4 {Threatens to win with Nb5.} Nc6 43. Na6 Qb7 44. Nc5 Qe7 45. Rc4 $132 {[%mdl 2048] White has counterplay} Nxb4 46. N3a4 Nc6 47. Nb6 Rb8 48. Nba4 (48. Nxa8 $11 {keeps the balance.} Ne5 49. Rc3 Rxa8 50. Qg3) 48... Ne5 $17 49. Rc3 Bc6 50. Rdc1 Ba8 (50... Bxa4 $17 51. Nxa4 Nh5) 51. Na6 Rbd8 52. Nc7 (52. Nb6 $1 $11 Rf8 53. Rc7) 52... Rf8 $15 53. Nb6 (53. Nxa8 $15 Rxa8 54. Nb6) 53... Bb7 $17 54. Nb5 $2 {[#]} (54. Na4 $17 {was necessary.}) 54... Qb4 $1 $19 {[%cal Rf6e4] Strongly threatening ...Nxe4!} 55. Be2 Ba6 56. Nc7 $2 (56. Qf1 Rd2 57. Rc5) 56... Bxe2 ({Weaker is} 56... Qxb6 57. Bxa6 Rd7 58. Bf1 $15) 57. Qxe2 Qxb6 58. Nb5 Rb8 59. Rb3 Qd8 60. Rg1 Ng6 61. f4 Nxf4 62. Qf2 Ng6 63. Qf3 e5 64. Qf5 Qd7 65. Qf1 Qe6 66. Rb2 Nf4 67. Rf2 Qa6 68. Rb2 Rb6 69. Qe1 Rxb5 70. Qg3 Ng6 {Accuracy: White = 20%, Black = 57%.} (70... N6h5 $142 71. Qd3 Nxd3 72. Rc2 Qf6 73. h3 Qf3+ {[%mdl 64] Double Attack} 74. Kh2 Nf2 75. Rxf2 Qxf2+ 76. Rg2 Qe1 77. Rg5 Rb2+ 78. Rg2 Qg3+ {[%mdl 64] Double Attack} 79. Kh1 Qxg2#) 0-1

[Event "European Blitz-ch 2018"]
[Site "Skopje"]
[Date "2018.12.06"]
[Round "10"]
[White "Dvirnyy, Danyyil"]
[Black "Putka, Verners"]
[Result "0-1"]
[WhiteElo "2485"]
[BlackElo "2307"]
[Annotator "TA"]
[PlyCount "90"]
[EventDate "2018.12.06"]
[EventType "swiss"]
[EventCountry "MKD"]

{[%evp 26,90,52,51,50,41,52,34,47,2,40,-22,-17,-200,-192,-210,-148,-156,-133,-153,-145,-144,-103,-119,-77,-255,-254,-306,-262,-599,-483,-443,-350,-343,-347,-757,-745,-1025,-1036,-29988,-29989,-29992,-2623,-29995,-12789,-6740,-6407,-5883,-2416,-4898,-2582,-29995,-29996,-29996,-2352,-29967,-5722,-29966,-1333,-29963,-1350,-29975,-29973,-29973,-29974,-6747,-6640]} 1. Nf3 Nf6 2. c4 c5 3. Nc3 b6 4. g3 Bb7 5. Bg2 e6 6. O-O Be7 7. Re1 O-O 8. e4 d6 9. d4 cxd4 10. Nxd4 Qc8 11. b3 a6 12. Bb2 Nbd7 {[%cal Bb8d7,Bd7c5,Bc5d3][%mdl 32]} 13. Qe2 {A30: Symmetrical English: Double Fianchetto and Hedgehog} Re8 14. Rac1 {LiveBook: 3 Games} Bf8 15. h3 $146 {White is slightly better.} ({Predecessor:} 15. f4 e5 16. fxe5 dxe5 17. Nf5 Nc5 18. Nd5 Nxd5 19. cxd5 a5 20. Qg4 g6 {½-½ (77) Muthaiah,A (2316)-Yeoh,L (2480) Mumbai 2018}) 15... Nc5 16. Qd2 Qc7 17. f4 Rad8 18. Qe3 (18. b4 $14) 18... e5 $11 19. fxe5 $2 (19. Nde2 $11) 19... dxe5 $19 20. Nf5 {With the idea Nd5.} Nd3 21. Nd5 Nxd5 22. cxd5 Nxc1 23. Rxc1 Qd7 24. Qxb6 {[#]} Bxd5 $1 {[%mdl 512]} 25. Rc7 $2 (25. Nxg7 $17 Bxg7 26. exd5) (25. exd5 Qxf5) 25... Qe6 26. Qe3 Ba8 {White must now prevent ...g6.} 27. Bf1 $2 (27. Kh2 {is more resistant.}) 27... Rd1 28. Kf2 {intending Bc4.} Rxf1+ 29. Kxf1 g6 30. Qg5 $2 (30. Qf3) 30... Bxe4 31. Ne3 Qxh3+ 32. Ke2 Qh2+ 33. Ke1 Qxb2 (33... Bf3 $142 34. Kf1 Qe2+ 35. Kg1 {[#]} Rd8 $1 {[%mdl 512]} 36. Bd4 Rxd4 37. Rd7 Rxd7 38. Qd8 Rxd8 39. g4 Rd1+ $1 {[%mdl 576] Deflection} 40. Nxd1 Qg2#) 34. Qf6 Qb1+ (34... Bb4+ $142 35. Kf1 Qb1+ 36. Rc1 Qxc1+ {[%mdl 64] Double Attack} 37. Nd1 Qxd1+ 38. Kf2 Qe1#) 35. Kf2 Qxa2+ 36. Kg1 Qb1+ 37. Kf2 Qb2+ 38. Ke1 Bb4+ 39. Kf1 Be7 (39... Qb1+ $142 40. Rc1 Qxc1+ {[%mdl 64] Double Attack} 41. Nd1 Qxd1+ {[%mdl 64] Double Attack} 42. Kf2 Qe1#) 40. Rxe7 Rxe7 41. Qxe7 Qd4 (41... Bd3+ $142 42. Kg1 Qc1+ {[%mdl 64] Double Attack} 43. Kh2 Qxe3 44. Qb7 a5 45. Qh1 Be4 46. Qf1 f5 47. b4 f4 48. Qc4+ Kg7 49. Qxe4 Qxe4 50. Kg1 fxg3 51. Kf1 axb4 52. Kg1 Qe2 53. Kh1 Qh2#) 42. Qg5 {[#]} f6 $1 43. Qxf6 Qd3+ 44. Kf2 Qd2+ 45. Kf1 Bd3+ {Accuracy: White = 14%, Black = 48%.} 0-1

[Event "European Blitz-ch 2018"]
[Site "Skopje"]
[Date "2018.12.06"]
[Round "10"]
[White "Dragnev, Valentin"]
[Black "Bosiocic, Marin"]
[Result "1-0"]
[WhiteElo "2483"]
[BlackElo "2599"]
[Annotator "TA"]
[PlyCount "59"]
[EventDate "2018.12.06"]
[EventType "swiss"]
[EventCountry "MKD"]

{[%evp 19,59,-4,-4,-27,0,13,27,27,35,20,77,70,59,17,64,54,70,79,137,140,692,684,645,683,885,885,868,866,858,856,1213,1215,1214,1200,1215,1213,1203,1188,1171,1163,1217,1220]} 1. d4 Nf6 2. c4 e6 3. Nf3 b6 4. e3 d5 5. Bd3 Bd6 6. O-O O-O 7. b3 Bb7 8. Bb2 Nbd7 9. Nbd2 Ne4 10. cxd5 {E14: Queen's Indian: Classical Variation (4 e3)} exd5 {LiveBook: 6 Games} 11. Rc1 (11. Ne5 Qe7 12. f4 Nxd2 13. Qxd2 Nf6 14. Qe2 Ne4 15. Bxe4 dxe4 16. f5 Qg5 17. Rf4 f6 {1-0 (26) Malakhov,V (2691)-Predojevic,B (2614) Mali Losinj 2017}) 11... f5 12. Ne5 {The position is equal.} Bxe5 $146 ({Predecessor:} 12... Qe7 13. f4 Nxe5 14. dxe5 Bc5 15. Bd4 Ba3 16. Rc2 c5 17. Ba1 Rad8 18. Nb1 {0-1 (40) Romanov,V (1987)-Alifanov,O (2207) ICCF email 2016}) 13. dxe5 Ndc5 14. Bb1 {[%cal Bd3b1,Bb1a2,Ba2e6][%mdl 32]} f4 {[#]} (14... Qe7 $11 {remains equal.}) 15. exf4 $1 $16 Rxf4 16. b4 (16. g3 $5 {[%cal Rg3f4]} Rf7 17. f4 $14) 16... Ne6 17. Nxe4 dxe4 18. a3 Qe8 ({Better is} 18... Bd5) 19. Ba2 {Hoping for Qb3.} Rc8 $2 {[%mdl 8192]} (19... Qe7 $16 20. Qb3 Re8) 20. Qb3 $18 {White is clearly winning.} Kf7 21. Rfd1 Rg4 22. Qxe6+ Qxe6 23. Rd7+ $1 {[%mdl 64] [#] Double Attack} ({Not} 23. Bxe6+ Kxe6 24. Rc2 c5 $11) 23... Ke8 24. Bxe6 Rg5 25. Rdxc7 Rxc7 26. Rxc7 e3 27. Rxb7 e2 28. Bc3 Rxe5 29. Bf7+ Kf8 30. Be1 {Accuracy: White = 74%, Black =  5%.} 1-0

[Event "European Blitz-ch 2018"]
[Site "Skopje"]
[Date "2018.12.06"]
[Round "10"]
[White "Beerdsen, Thomas"]
[Black "Loginov, Valery A"]
[Result "1-0"]
[WhiteElo "2477"]
[BlackElo "2478"]
[Annotator "TA"]
[PlyCount "87"]
[EventDate "2018.12.06"]
[EventType "swiss"]
[EventCountry "MKD"]

{[%evp 18,87,22,14,48,38,44,12,10,11,28,27,131,42,143,7,35,10,8,13,41,-6,-14,-16,-12,-20,-22,-26,-39,-59,-36,-144,-48,-149,-55,-58,-40,-56,29,-53,-34,-29,-32,-29,-21,-60,-64,-83,-87,-220,-228,-221,-217,-318,-220,-199,-166,-187,-177,-191,-143,-137,-43,-39,-33,-35,-43,-38,29999,6103,6103,6007]} 1. e4 c5 2. Nf3 Nc6 3. c3 d5 4. exd5 Qxd5 5. d4 e6 6. Na3 Nf6 7. Be2 cxd4 8. Nb5 Qd8 9. Nbxd4 Bd7 {B22: Sicilian: 2 c3} (9... Nxd4 10. Qxd4 Qxd4 11. Nxd4 Bd7 12. O-O O-O-O 13. Bf4 Bc5 14. Be5 Bb6 15. Rfe1 Ne8 16. Bc4 f6 17. Bg3 e5 18. Ne6 Nd6 19. Nxd8 Nxc4 {½-½ (84) Salgado Lopez,I (2606)-Navara,D (2710) Caleta 2013}) 10. O-O {LiveBook: 3 Games} Nxd4 11. Nxd4 Be7 {White is slightly better.} 12. Bf3 Qc7 $146 ({Predecessor:} 12... e5 13. Nb3 e4 14. Be2 O-O 15. Be3 Qc7 16. Bd4 Rad8 17. h3 {0-1 (33) Dorner,G (2125)-Izsak,G (2400) Budapest 1997}) 13. Qb3 Rb8 14. Nb5 Qb6 (14... Qe5 $11 15. Nd4 O-O) 15. a4 ({White should play} 15. Bf4 $16 {Black must now prevent Nc7+.} Rc8 16. Bxb7) 15... Bc6 (15... O-O $14) 16. Be3 (16. Bf4 $16 O-O 17. Bxb8 Rxb8 18. Nd4 Qxb3 19. Nxb3) 16... Bc5 $11 17. Nd6+ (17. a5 $5 {[%cal Ra5b6]} Qxb5 18. Qxb5 Bxb5 19. Bxc5 $11) 17... Ke7 18. Qxb6 axb6 19. Nc4 (19. Bxc6 {with more complications.} Kxd6 20. Bf3 Bxe3 21. Rfd1+ Kc7 22. fxe3 e5 23. Bd5) 19... Bxf3 20. gxf3 Nd5 21. Rfd1 Rhd8 22. Bxc5+ bxc5 23. Na5 Rdc8 24. Rd2 (24. Nc4 $15) 24... Rc7 (24... c4 $17 25. Rd4 Nb6) 25. Re1 {[#]} (25. Nc4 $15) 25... Kf6 (25... Nb6 $1 $17 26. Re4 Ra8) 26. Nc4 $15 g5 27. Nd6 h6 ({Black should try} 27... b6 $15) 28. a5 (28. Rxd5 $1 $11 exd5 29. Re8) 28... Rc6 29. Nc4 {Threatening Ne5.} b5 30. Ne5 Rc7 31. h4 c4 32. hxg5+ hxg5 33. Kg2 (33. Ng4+ $17 Kg6 34. Ra1) 33... Ra8 $19 34. Ng4+ Kg6 35. Ra1 (35. Ne5+ {was called for.} Kg7 36. Kg3) 35... Nf4+ 36. Kg1 Nd3 37. Rxd3 cxd3 {[%mdl 4096] Endgame KRR-KRN} 38. Ne5+ Kf5 39. Nxd3 Rca7 (39... Rd7 $17 40. Nc5 Rd2) 40. b4 $15 Rc7 41. Nc5 Kf4 42. Kg2 f5 $2 {[%mdl 8192] [#]} (42... Ke5 $15) 43. Nxe6+ (43. Nd3# $142) 43... Ke5 $18 44. Nxc7 {Accuracy: White = 24%, Black = 30%.} 1-0

[Event "European Blitz-ch 2018"]
[Site "Skopje"]
[Date "2018.12.06"]
[Round "10"]
[White "Belyakov, Bogdan"]
[Black "Lagarde, Maxime"]
[Result "1-0"]
[WhiteElo "2459"]
[BlackElo "2616"]
[PlyCount "107"]
[EventDate "2018.12.06"]
[EventType "swiss"]
[EventCountry "MKD"]

{[%evp 19,107,17,28,30,30,33,36,0,0,6,29,-25,-13,-10,-14,-42,-41,-74,-75,-82,-73,-70,-48,-119,-115,-108,-109,-110,-128,-110,-117,-105,-40,-25,-24,-24,0,-4,0,0,0,0,36,0,0,-10,-4,-22,0,0,499,483,472,472,449,456,445,447,439,429,490,492,456,455,390,268,4710,4690,1242,855,6142,5775,29992,29992,29997,29980,29980,29981,29981,5691,5618,5616,2549,2777,1527,1375,5461,5210,4914,4631]} 1. e4 c5 2. c3 e6 3. d4 d5 4. exd5 exd5 5. Nf3 Nc6 6. Bb5 Bd6 7. O-O Nge7 8. Be3 c4 9. b3 cxb3 10. axb3 O-O {LiveBook: 10 Games. B22: Sicilian: 2 c3} 11. Nbd2 (11. Re1 a6 12. Nbd2 Bf5 13. Bf1 Rc8 14. Nh4 Be6 15. Bd3 Ng6 16. Nxg6 fxg6 17. Nf1 Qf6 18. f3 {½-½ (52) Nakamura,H (2783)-Topalov,V (2752) London 2012}) 11... Nf5 12. Re1 Nxe3 $146 {White is slightly better.} ({Predecessor:} 12... h6 13. Nf1 Nxe3 14. Nxe3 Bc7 15. Qc2 Be6 16. Nf5 Qf6 {1-0 (70) Korniyuk,M (2043)-Dolzhikova,K (2291) Evpatoria 2009}) 13. Rxe3 Bg4 14. h3 Bh5 15. Qf1 (15. Qc2 $142) 15... Bf4 $11 16. Ree1 $1 Rc8 17. Bxc6 (17. g3 {is more complex.} Bh6 18. Ra2 Nb8 19. Rc2 Qf6 20. Kg2) 17... Rxc6 18. c4 dxc4 19. bxc4 Bxd2 $1 20. Nxd2 Qxd4 21. Ne4 (21. Nb3 $15 Qf4 22. Re3) 21... Bg6 $17 ({Much weaker is} 21... Qxc4 $6 22. Qxc4 Rxc4 23. Rxa7 $11) 22. Rad1 Qxc4 23. Qxc4 Rxc4 24. Nd6 Rb4 25. Re7 a5 (25... Rd8 $17 {Strongly threatening ...h6.} 26. Ra1 Kf8) 26. Nxb7 $15 a4 {[#] Hoping for ...a3.} 27. Nc5 Rb5 28. Nxa4 h5 29. Nc3 Rc5 30. Ne2 h4 31. Nf4 Bf5 32. Ra7 g6 33. Re1 Rc4 34. Nd5 Be6 $2 {[%mdl 8192]} (34... Kg7 $11) 35. Nf6+ $18 Kg7 36. Rxe6 $1 Rc1+ 37. Kh2 Rb8 38. Nd5 Rbb1 {[%csl Gb1][%cal Rc1h1] [#]} 39. g4 Rh1+ 40. Kg2 Rbg1+ 41. Kf3 {Rf6 is the strong threat.} Rxh3+ 42. Ke2 Rhh1 $2 (42... Ra3 43. Rxg6+ (43. Rxa3 fxe6 44. Ra7+ Kh6 $18) 43... Kxg6 44. Rxa3 Rxg4) 43. Rf6 Kh6 44. Rfxf7 {f4 would kill now.} Re1+ 45. Kf3 {White wants to mate with Nf4.} Re5 46. Nf4 Rb1 47. Rh7+ Kg5 48. Nh3+ Kf6 49. Ra6+ (49. Raf7+ $142 Ke6 50. Nf4+ {[%mdl 64] Double Attack} Kd6 51. Rf6+ Kc5 52. Rc7+ Kb4 53. Rb6+ Ka5 54. Rxb1) 49... Re6 {White is clearly winning.} 50. g5+ Ke5 51. Rxe6+ Kxe6 52. Rxh4 Kf5 53. Rf4+ Ke5 54. Rf6 {Accuracy: White = 48%, Black = 41%.} 1-0

[Event "European Blitz-ch 2018"]
[Site "Skopje"]
[Date "2018.12.06"]
[Round "10"]
[White "Stojanovski, Dejan"]
[Black "Gouloutis, Nikolaos"]
[Result "1-0"]
[WhiteElo "2430"]
[BlackElo "2353"]
[Annotator "TA"]
[PlyCount "123"]
[EventDate "2018.12.06"]
[EventType "swiss"]
[EventCountry "MKD"]

{[%evp 19,123,20,36,16,29,19,35,0,0,0,0,0,0,0,10,0,0,0,7,-6,0,-19,-6,-15,-19,-36,-23,-41,-34,-31,-29,-28,-19,-42,0,3,489,470,578,556,564,557,508,121,115,125,234,153,143,159,245,232,221,212,354,332,372,281,259,0,368,0,392,391,378,359,373,260,525,519,722,458,294,8,8,0,0,0,585,584,705,705,656,409,635,630,622,602,584,523,814,803,786,779,712,698,683,675,664,645,627,610,4982,4982,1654,1515]} 1. d4 e6 2. Nf3 Nf6 3. Bf4 c5 4. e3 b6 5. c3 Bb7 6. Nbd2 cxd4 {A47: 1 d4 Nf6 2 Nf3 b6: Torre, London and Colle Systems} 7. exd4 d6 8. Bd3 Be7 9. Qe2 (9. O-O Nbd7 10. h3 h6 11. Nc4 Qc7 12. a4 a6 13. Bh2 O-O 14. Re1 Rfe8 15. Ne3 Bf8 16. Be2 {0-1 (41) Grachev,B (2626)-Sjugirov,S (2654) Sochi 2018}) 9... Nbd7 10. h3 a6 {LiveBook: 6 Games} 11. a4 O-O 12. O-O Re8 13. Ne4 Nxe4 14. Bxe4 Bxe4 15. Qxe4 Qc7 16. Rfe1 Bf8 $146 ({Predecessor:} 16... Nf6 17. Qe2 Qb7 18. Ng5 Nd5 19. Qd3 Bxg5 20. Bxg5 {½-½ (64) Losekoot,P (2047)-Mladenov,S (2422) Cologne 2010}) 17. Bg3 Nf6 18. Qd3 Rec8 19. Nd2 Qb7 20. Bh4 Nd5 21. Qf3 {Strongly threatening c4.} b5 22. axb5 axb5 23. Ne4 h6 24. Bg3 Rxa1 25. Rxa1 Ra8 26. Re1 Ra2 27. Bxd6 Rxb2 $2 {[%mdl 8192]} (27... Bxd6 $11 28. Nxd6 Qd7) 28. Bxf8 $1 $18 Kxf8 29. Nc5 $1 {[%csl LRb7,LRe6]} Qa8 30. Nxe6+ Kg8 31. Nc5 $2 (31. Nf4 $18 {and the rest is easy.} Nc7 32. Qxa8+ {[%mdl 64] Overworked Piece} Nxa8 33. Re8+ {[%mdl 64] Double Attack} Kh7 34. Rxa8) 31... Ra2 $16 32. Re5 Nb6 (32... Nf6 $16 {was necessary.}) 33. Qxa8+ Rxa8 $18 {[%mdl 4096] Endgame [#] KRN-KRN} 34. Ne4 $1 Ra5 (34... b4 $16 35. cxb4 Rd8) 35. Nd6 Ra1+ 36. Kh2 Na4 (36... Nc4 $142) 37. Nxb5 Rc1 38. Re3 Nb6 39. Re5 (39. Re8+ $142 Kh7 40. Re7) 39... Na4 $1 40. Re3 $2 (40. Re8+ $18 Kh7 41. d5) 40... g5 $2 {[%mdl 8192]} (40... Nb6 $11 41. Re8+ Kh7) 41. d5 Rd1 42. c4 Nc5 43. d6 {Re8+ is the strong threat.} Kg7 $2 (43... Kf8 44. Nc7 Nb7 45. Re8+ Kg7) 44. Re5 Ne6 45. c5 Kf6 {[#]} 46. Re3 $2 (46. Rxe6+ $1 $18 Kxe6 47. c6) 46... Nxc5 $11 47. Rc3 Ne4 48. Rf3+ Ke6 $2 {[%mdl 8192]} (48... Kg7 $11 {and Black stays safe.}) 49. Re3 $18 f5 50. f3 Rb1 51. Nc3 {[%mdl 64] Pin} ({Weaker is} 51. fxe4 Rxb5 52. exf5+ Kxd6 $18) 51... Rb3 (51... Rb6 $142 52. fxe4 Rxd6 53. exf5+ Kxf5) 52. fxe4 {White is clearly winning.} fxe4 53. Rxe4+ Kxd6 {KRN-KR} 54. Re3 {Black must now prevent Ne4+.} Kd7 55. Nd5 Rb5 56. Nf6+ Kd6 57. Ne4+ Kd7 58. Ng3 Rb6 59. Re4 Rc6 60. Nf5 Ra6 61. Re7+ Kd8 62. Rh7 {Accuracy: White = 36%, Black = 42%.} 1-0

[Event "European Blitz-ch 2018"]
[Site "Skopje"]
[Date "2018.12.06"]
[Round "10"]
[White "Tejedor Fuente, Enrique"]
[Black "Ivanisevic, Ivan"]
[Result "1-0"]
[WhiteElo "2428"]
[BlackElo "2603"]
[Annotator "TA"]
[PlyCount "161"]
[EventDate "2018.12.06"]
[EventType "swiss"]
[EventCountry "MKD"]

{[%evp 9,161,27,51,1,18,0,0,0,0,0,13,0,0,0,10,16,64,0,-4,-44,-52,-45,-16,-20,-8,-43,-16,-12,-5,-21,-8,-31,-27,-34,-24,-45,97,90,97,88,113,71,135,85,59,-3,-20,-91,124,164,150,166,168,174,168,154,193,191,183,146,139,142,137,137,167,147,275,166,162,148,137,152,152,153,142,120,267,272,297,299,386,303,294,262,300,195,199,0,232,230,234,173,240,218,229,209,207,199,214,0,200,0,215,208,211,216,329,268,338,346,368,362,796,227,369,275,279,0,369,0,270,273,301,274,443,294,361,352,663,240,2656,1805,8849,5075,29975,29976,29976,29977,29977,29978,29978,29979,29979,29980,29981,29982,29982,29983,29983,29984,29985,29985,29985,29985]} 1. e4 e5 2. Nf3 Nf6 3. Nc3 d6 4. Bc4 Be7 5. O-O c6 (5... O-O 6. Re1 Nc6 7. a3 Bg4 8. h3 Bh5 9. d3 Qd7 10. Be3 Nd4 11. Bxd4 exd4 12. Nd5 Nxd5 13. Bxd5 {1-0 (97) Nepomniachtchi,I (2723)-Cheparinov,I (2678) Poikovsky 2013}) 6. a3 {C41: Philidor Defence} O-O 7. h3 d5 8. Ba2 $146 {The position is equal.} ({Predecessor:} 8. exd5 cxd5 9. Bb3 e4 10. Nd4 Bc5 11. Nce2 Nh5 12. d3 f5 13. dxe4 fxe4 {1-0 (36) Wilfert,E (1448)-Hoheneder,B Wildflecken 1988}) 8... dxe4 9. Nxe5 Qd4 10. Nc4 Be6 11. Ne2 Qd7 12. Nf4 Bf5 13. Ne3 ({White should try} 13. d4 $14) 13... Bd6 $11 14. Nxf5 Qxf5 15. Ne2 Nbd7 16. d4 exd3 17. cxd3 Rfe8 18. Nd4 Qg6 19. Nf3 Ne5 20. Nxe5 Bxe5 ({Don't play} 20... Rxe5 $6 21. Bf4 $16) 21. d4 Bc7 22. Be3 Rxe3 (22... Qf5 $15 {keeps the upper hand.}) 23. fxe3 $16 Qg3 24. Qf3 {And now Qxg3 would win.} Qh2+ 25. Kf2 Re8 (25... c5 $142) 26. Rh1 Qd6 27. Bb1 (27. Rad1 $14) 27... g6 $11 28. Rd1 (28. Rf1 $11 {remains equal.}) 28... Nd5 $2 (28... Re6 $1 $17 {aiming for ...Nd5.} 29. Ba2 Nd5 30. Bxd5 Rf6) 29. e4 $16 {[%cal Be3e4,Be4e5][%mdl 32]} Ne7 30. Ba2 Rf8 31. e5 Qd7 32. Kg1 Bb6 33. Kh1 Nf5 34. d5 {Hoping for g4.} Qe7 35. Re1 (35. dxc6 Qxe5 36. g4 Bc7 $14) 35... cxd5 36. Bxd5 Kg7 37. Rad1 Rc8 (37... h5 $16 38. Bxb7 h4) 38. Be4 Nd4 39. Qf6+ Qxf6 40. exf6+ Kxf6 41. Bxb7 Rc2 42. Rf1+ Kg5 (42... Kg7 $16 43. b4 Nf5) 43. Rxf7 $18 Ne2 44. Bf3 Ng3+ 45. Kh2 Nf5 46. Rxh7 Rxb2 47. Re1 Bf2 48. Rd1 $2 ({Better is} 48. Ra1 $18) 48... Bg3+ $2 (48... Bb6 $1 $11 {and Black is okay.} 49. Rd5 Kf6) 49. Kh1 $1 Bf4 50. Re1 Ng3+ (50... Ra2 $142 51. h4+ (51. Rxa7 Ng3+ 52. Kg1 Ne2+ 53. Rxe2 Rxe2 $16) 51... Nxh4 52. Rxa7 Nxf3 53. gxf3 Rf2) 51. Kg1 Nf5 52. Rd7 Be3+ 53. Kh2 Bf4+ 54. Kg1 Be3+ 55. Kh2 Bf4+ {[#]} 56. Kh1 $1 Bg3 57. Red1 a5 (57... Bf4 $142 58. R7d3 Ng3+ 59. Kg1 Nf5) 58. a4 Bf2 59. R7d5 {Threatens to win with g4.} Kf4 60. Bg4 Ne3 $2 (60... Ng3+ 61. Kh2 Ne4) 61. R5d4+ $2 (61. R1d4+ Kg3 {[#]} 62. Bd1 $1 {[%mdl 512]}) 61... Kg3 (61... Ke5 $142 62. R1d2 Rb1+ 63. Bd1 Be1) 62. R4d3 Kf4 63. Rd4+ Kg3 $1 64. R4d3 Kf4 65. Rc1 Ke4 66. Rd7 Nxg4 $2 (66... Kf4 67. Rdc7 Bh4) 67. hxg4 {[%mdl 4096] Endgame KRR-KRB} Rb8 {( -> ...Rh8+)} 68. g3 Kf3 $2 (68... Rb3 69. Kg2 Bxg3 70. Rc4+ Ke5) 69. Rc3+ $2 (69. Rf7+ Ke3 70. Kg2) 69... Ke2 $2 (69... Kxg4 70. Kg2 Be1 71. Rc4+ Kg5 72. Rd5+ Kh6) 70. Kg2 Rb2 71. Rdc7 Bb6 72. Rc2+ {White mates.} Rxc2 73. Rxc2+ {KR-KB} Kd3 74. Rc6 Bd4 75. Rxg6 Kc4 76. g5 Kb4 77. Rd6 Bc3 78. g6 Kxa4 79. Rd7 Kb3 80. g7 Bxg7 81. Rb7+ {Accuracy: White = 49%, Black = 35%.} 1-0